Detalles MARC
| 000 -LÍDER |
| Campo fijo de descripción fija |
01521nam a2200337 i 4500 |
| 001 - NÚMERO DE CONTROL |
| Campo de control |
768714001 |
| 003 - IDENTIFICADOR DEL NÚMERO DE CONTROL |
| Campo de control |
CO-MdFUSB |
| 005 - FECHA Y HORA DE LA ULTIMA TRANSACCIÓN |
| control field |
20190202100417.0 |
| 008 - ELEMENTOS DE LONGITUD FIJA -- INFORMACIÓN GENERAL |
| Campo fijo de descripción fija -- Información general |
180816b xxu||||| |||| 00| 0 eng d |
| 020 ## - NÚMERO INTERNACIONAL NORMALIZADO PARA LIBROS |
| Número Internacional Normalizado del libro |
9788494592188 |
| 040 ## - FUENTE DE CATALOGACIÓN |
| Agencia de catalogación original |
CO-MdFUSB |
| Idioma de catalogación |
spa |
| Agencia que realiza la transcripción |
CO-MdFUSB |
| Agencia que realiza la modificación |
CO-MdFUSBC |
| Convenciones de la descripción |
rda |
| 041 ## - CÓDIGO DE IDIOMA |
| Código de idioma para texto/pista de sonido o título separado |
spa |
| Código de idioma original |
ara |
| -- |
grc |
| -- |
syc |
| 082 ## - NÚMERO DE CLASIFICACIÓN DECIMAL DEWEY |
| Número de la edición del Dewey |
22 |
| Número de clasificación |
270.3 |
| Clave de autor-Numero de item |
AB165 |
| 100 ## - ASIENTO PRINCIPAL--NOMBRE PERSONAL |
| Nombre personal |
Abu Qurrah, Tawudurus |
| Fechas asociadas con el nombre |
ca. 750-825 |
| Término relacionador |
autor |
| 245 ## - TÍTULO |
| Título del Material |
Tratado sobre la veneración de los iconos |
| Mención de responsabilidad, etc. |
/ Teodoro Abun Qurra ; traducción y estudio introductorio, Rocio Daga Portillo |
| 264 #1 - PRODUCCIÓN, PUBLICACIÓN, DISTRIBUCIÓN, MANUFACTURA, Y COPYRIGHT |
| Lugar de producción, publicación, distribución, manufactura |
Granada : |
| Nombre del productor, publicador, distribuidor |
Nuevo Inicio, |
| Fecha de producción, publicación, distribución, manufactura, o copyright |
[2017] |
| 264 #4 - PRODUCCIÓN, PUBLICACIÓN, DISTRIBUCIÓN, MANUFACTURA, Y COPYRIGHT |
| Fecha de producción, publicación, distribución, manufactura, o copyright |
©2017 |
| 300 ## - DESCRIPCIÓN FÍSICA |
| Dimensiones |
201 páginas; |
| Extensión |
19 cm |
| 336 ## - TIPO DE CONTENIDO |
| Fuente |
rdacontent |
| Término de tipo de contenido |
texto |
| Código de tipo de contenido |
txt |
| 337 ## - TIPO DE MEDIO |
| Fuente |
rdamedia |
| Nombre del tipo de medio |
sin mediación |
| Código del tipo de medio |
n |
| 338 ## - TIPO DE SOPORTE |
| Fuente |
rdacarrier |
| Nombre del tipo de soporte |
volumen |
| Código Tipo de soporte |
nc |
| 490 ## - MENCIÓN DE SERIE |
| Mención de serie |
Colección maestros cristianos de oriente. |
| 500 ## - NOTA GENERAL |
| Nota General |
Traducción del árabe. |
| 504 ## - NOTA DE BIBLIOGRAFÍA, ETC. |
| Nota de bibliografía, etc |
Incluye referencias bibliográficas e índice onomástico. |
| 505 ## - NOTA DE CONTENIDO |
| Información miscelánea |
I. |
| Título |
Estudio introductorio |
| Nota de contenido con formato preestablecido |
1. Prefacio -- Teodoro Abu Qurra -- La obra de Todoro Abu Qurra. -- 4. El tratado sobre la veneración de los iconos (Maymar fi sujud al.suwar) -- Abu Qurra y la tradición de la iglesia. -- Conclusiones -- Bibliografía. |
| 505 ## - NOTA DE CONTENIDO |
| Información miscelánea |
II. |
| Título |
Tratado sobre la veneración de los iconos. |
| Nota de contenido con formato preestablecido |
Primera parte - Cuarta parte. |
| 600 #0 - ASIENTO SECUNDARIO DE MATERIA - NOMBRE PERSONAL |
| Nombre personal |
Abu Qurrah, Tawudurus |
| Fechas asociadas con el nombre |
ca. 750-825 |
| Subdivisión de forma |
Tratados. |
| 650 #0 - ASIENTO SECUNDARIO DE MATERIA - TERMINO TEMÁTICO |
| Término temático o nombre geográfico como elemento de entrada |
Historia de la Iglesia |
| Subdivisión geográfica |
(Edad Media), ca. 600-1500 |
| 9 (RLIN) |
285 |
| 720 1# - ASIENTO SECUNDARIO - NOMBRE NO CONTROLADO |
| Nombre |
Daga Portillo, Rocio |
| Término de relación |
traductor |
| -- |
Introductor |
| 942 ## - TIPO DE MATERIAL (KOHA) |
| Tipo de Item KOHA |
Libros de Referencia |